75 najludniejszych państw świata w 2100 roku - Statystyki

Ogólne statystyki
  • Ten quiz został rozwiązany 392 razy
  • Średni wynik to 54 z 75
Statystyki odpowiedzi
Lp Państwo Ludność % Poprawnych
2. Chiny 1 064 993 457
98%
4. Stany Zjednoczone 433 853 891
97%
74 Polska 23,032,569
96%
1. Indie 1 447 025 612
95%
19. Rosja 126 142 651
95%
38. Niemcy 74 740 596
93%
12. Brazylia 180 682 762
92%
41. Francja 65 497 773
92%
17. Meksyk 141 509 942
92%
63. Hiszpania 33,209,856
90%
36. Japonia 74 959 378
90%
45. Argentyna 56 802 493
89%
34. Wielka Brytania 78 053 263
88%
10. Egipt 224 735 180
87%
44. Kanada 56 953 224
87%
13. Niger 164 947 337
87%
32. Południowa Afryka 79 190 832
87%
58. Włochy 39,992,910
87%
54. Australia 42,876,774
86%
6. Dem. Rep. Konga 362 031 082
86%
7. Indonezja 320 782 426
86%
72. Ukraina 24,413,452
86%
3. Nigeria 732 941 596
85%
5. Pakistan 403 102 827
84%
28. Turcja 86 170 462
83%
67. Korea Południowa 29,541,953
82%
24. Iran 98 587 985
80%
52. Kolumbia 45,221,276
80%
39. Algieria 70 704 619
79%
22. Irak 107 711 273
79%
53. Maroko 44,707,864
79%
25. Wietnam 97 437 286
79%
8. Etiopia 294 392 903
78%
56 Arabia Saudyjska 42,231,012
76%
59. Peru 39,158,180
76%
16. Sudan 142 342 356
76%
50. Tajlandia 46 015 553
76%
20. Kenia 125 423 855
75%
68. Kazachstan 27,917,815
72%
43. Czad 61 849 820
71%
31. Mali 80 382 697
71%
61. Wenezuela 34,240,724
71%
37. Afganistan 74 937 961
70%
14. Bangladesz 151 393 018
70%
57. Malezja 40,078,167
69%
35. Somalia 75 716 429
67%
11. Angola 188 283 132
66%
42. Senegal 63 515 357
66%
15. Filipiny 146 327 441
65%
9. Tanzania 285 651 846
65%
75. Korea Północna 22,792,833
64%
21. Mozambik 123 646 947
64%
64. Sudan Południowy 31,738,064
64%
23. Madagaskar 99 957 340
63%
30. Zambia 81 546 198
62%
33. Ghana 79 011 409
61%
47. Jemen 53 171 320
61%
27. Kamerun 90 225 178
60%
60. Syria 36,103,178
60%
18. Uganda 136 784 876
60%
46. Mjanma 55 298 929
59%
51. Gwinea 45,256,876
57%
55. Uzbekistan 42,270,842
57%
26. Wybrzeże Kości Słoniowej 96 632 721
57%
66. Zimbabwe 30,965,421
57%
71. Ekwador 24,482,822
54%
73. Nepal 23,708,193
50%
62. Rwanda 33,412,643
48%
29. Burkina Faso 83 194 233
47%
69. Togo 26,949,191
45%
49. Benin 47 208 998
43%
48. Burundi 50 904 072
43%
40. Malawi 66 559 386
43%
70 Tadżykistan 25,328,026
41%
65. Gwatemala 31,270,073
32%
Nie znaleziono quizów pasujących do podanych kryteriów
Rozkład punktacji
Procent ludzi z każdym wynikiem
Percentyl według liczby udzielonych odpowiedzi
Twoja historia wyników
Nie rozwiązałeś tego quizu